| 000 | 00833nam a22002297a 4500 | ||
|---|---|---|---|
| 005 | 2010080701051.0 | ||
| 010 | _aENG-98723 | ||
| 020 |
_c400.00 _a8175245492 |
||
| 035 | _aEN-82255 | ||
| 037 | _bDBAD/PUB | ||
| 082 | _a613.7 | ||
| 100 |
_aSheela Kumari _98252 |
||
| 245 |
_aFintness, aerobics and gya oprations / _cby Sheela Kumari, Amita Rana [and] Seema Kaushik |
||
| 260 |
_aNew Delhi _bKhel Sahitya Kendra _c2009 |
||
| 270 |
_a7/26, Ansari Road, Darya Ganj, _bNew Delhi _e110002 |
||
| 300 |
_a193 p. _c24cm (Hb) |
||
| 650 |
_aAcrobic excercise _98253 |
||
| 700 |
_97380 _aRana, Amita |
||
| 700 |
_aKaushik, Seema _98227 |
||
| 942 |
_2ddc _cEN _h613.7 _mSHE |
||
| 999 |
_c39955 _d39955 |
||